000 00882cab a2200265 4500
001 ABS46745
008 090401t1992 xxu||||| |||| 00| 0 eng d
035 _a(Sirsi) u59408
041 _aeng
100 _aAdams, J.
245 _aAccess to Neighbouring Land Act 1992
260 _c1992
350 _a0
490 _aEstates Gazette
_v(9226) 4 July 1992, 136-137(2)
520 _aOutlines the provisions of the Access to Neighbouring Land Act 1992, which received Royal Assent on 16 March 1992. Includes a timetable of its progress since the Law Commission Working Paper in 1980.
650 _aACCESS TO NEIGHBOURING LAND ACT 1992
650 _aCALDERBANK LETTERS
650 _aCOMPENSATION
650 _aREGISTRATION
650 _aRIGHTS OF WAY
650 _aWEEKLY TENANT
690 _aHIGHWAYS RIGHTS OF WAY AND EASEMENTS
942 _n0
948 _c04/03/1997
999 _c36452
_d36452